Biology : (Record no. 1201)
[ view plain ]
| 000 -LEADER | |
|---|---|
| fixed length control field | 01777cam a2200565Ia 4500 |
| 003 - CONTROL NUMBER IDENTIFIER | |
| control field | OSt |
| 005 - DATE AND TIME OF LATEST TRANSACTION | |
| control field | 20210624092115.0 |
| 008 - FIXED-LENGTH DATA ELEMENTS--GENERAL INFORMATION | |
| fixed length control field | 100709s2011 at a b 001 0 eng d |
| 020 ## - INTERNATIONAL STANDARD BOOK NUMBER | |
| International Standard Book Number | 9781439046739 (pbk.) : |
| 020 ## - INTERNATIONAL STANDARD BOOK NUMBER | |
| International Standard Book Number | 1439046735 (pbk.) |
| 040 ## - CATALOGING SOURCE | |
| Transcribing agency | MDK |
| 049 ## - LOCAL HOLDINGS (OCLC) | |
| Holding library | MYGS |
| 050 04 - LIBRARY OF CONGRESS CALL NUMBER | |
| Classification number | QH307.2 |
| Item number | .S73 2011 |
| 092 0# - LOCALLY ASSIGNED DEWEY CALL NUMBER (OCLC) | |
| Classification number | 570.76 |
| Item number | STA |
| Edition number | 22 |
| 099 ## - LOCAL FREE-TEXT CALL NUMBER (OCLC) | |
| Classification number | QH307.2.S73 2011 |
| 100 1# - MAIN ENTRY--PERSONAL NAME | |
| Personal name | Starr, Cecie. |
| 245 10 - TITLE STATEMENT | |
| Title | Biology : |
| Remainder of title | concepts and applications / |
| Statement of responsibility, etc. | Cecie Starr, Christine A. Evers, Lisa Starr. |
| 250 ## - EDITION STATEMENT | |
| Edition statement | 8th ed. |
| 260 ## - PUBLICATION, DISTRIBUTION, ETC. | |
| Place of publication, distribution, etc. | Australia ; |
| -- | United States : |
| Name of publisher, distributor, etc. | Brooks/Cole, Cengage Learning ; |
| Place of publication, distribution, etc. | [Belmont, Calif. : |
| Name of publisher, distributor, etc. | Thomson], |
| Date of publication, distribution, etc. | c2011. |
| 300 ## - PHYSICAL DESCRIPTION | |
| Extent | 761 p. : |
| Other physical details | col. ill. ; |
| Dimensions | 28 cm. |
| 336 ## - CONTENT TYPE | |
| Content type term | text |
| Content type code | txt |
| Source | rdacontent |
| 337 ## - MEDIA TYPE | |
| Media type term | unmediated |
| Media type code | n |
| Source | rdamedia |
| 338 ## - CARRIER TYPE | |
| Carrier type term | volume |
| Carrier type code | nc |
| Source | rdacarrier |
| 500 ## - GENERAL NOTE | |
| General note | Includes appendices and a glossary. |
| 504 ## - BIBLIOGRAPHY, ETC. NOTE | |
| Bibliography, etc. note | Includes bibliographical references and index. |
| 650 #0 - SUBJECT ADDED ENTRY--TOPICAL TERM | |
| Topical term or geographic name entry element | Biology. |
| 650 #0 - SUBJECT ADDED ENTRY--TOPICAL TERM | |
| Topical term or geographic name entry element | Biology |
| General subdivision | Study and teaching (Higher) |
| 700 1# - ADDED ENTRY--PERSONAL NAME | |
| Personal name | Evers, Christine A. |
| 700 1# - ADDED ENTRY--PERSONAL NAME | |
| Personal name | Starr, Lisa. |
| 910 ## - USER-OPTION DATA (OCLC) | |
| User-option data | MARCIVEAUT |
| 910 ## - USER-OPTION DATA (OCLC) | |
| User-option data | MARCIVEAUT |
| 910 ## - USER-OPTION DATA (OCLC) | |
| User-option data | MARCIVEAUT |
| 910 ## - USER-OPTION DATA (OCLC) | |
| User-option data | MARCIVEAUT |
| 910 ## - USER-OPTION DATA (OCLC) | |
| User-option data | PromptCat |
| 910 ## - USER-OPTION DATA (OCLC) | |
| User-option data | MARCIVEAUT |
| 910 ## - USER-OPTION DATA (OCLC) | |
| User-option data | MARCIVEAUT |
| 910 ## - USER-OPTION DATA (OCLC) | |
| User-option data | PromptCat |
| 910 ## - USER-OPTION DATA (OCLC) | |
| User-option data | MARCIVEAUT |
| 910 ## - USER-OPTION DATA (OCLC) | |
| User-option data | PromptCat |
| 942 ## - ADDED ENTRY ELEMENTS (KOHA) | |
| Source of classification or shelving scheme | |
| Koha item type | Book |
| Suppress in OPAC | DO |
| 949 #0 - LOCAL PROCESSING INFORMATION (OCLC) | |
| 4 | IP |
| a | s |
| b | SCI |
| c | STACK |
| o | 0 |
| p | 39080035525994 |
| x | 01 |
| h | QH307.2.S73 2011 |
| Withdrawn status | Lost status | Source of classification or shelving scheme | Damaged status | Not for loan | Permanent Location | Current Location | Shelving location | Date acquired | Total Checkouts | Full call number | Barcode | Date last seen | Date last checked out | Price effective from | Koha item type | Public note |
|---|---|---|---|---|---|---|---|---|---|---|---|---|---|---|---|---|
| AU LIBRARY | AU LIBRARY | Open Shelf | 24.06.2021 | 1 | QH307.2 .S73 2011 | 28000547 | 17.11.2022 | 03.11.2022 | 24.06.2021 | Book | DO |